01306nab a22002537a 4500999001500000003000400015005001700019008004100036040001100077100003600088245012500124260007300249300001500322500003800337505024700375505008900622650005800711650003300769650002000802650003800822700003700860773014200897942001301039 c5368d5368OSt20250225235711.0190603e xxum|||| |||| 00| 0 spa d cPJ-TDF 95765aOjeda, María Verónica13aEl principio de inseparabilidad de los hermanos en los casos de adopción /cMaría Verónica Ojeda, Bettina Pancino. cCiudad Autónoma de Buenos Aires :aThomson Reuters La Ley, b2024. ap. 149-152 aCita: TR LALEY AR/DOC/2345/2024.  a Sumario: I. Excepciones. El interés superior de los hermanos.— II. Protección jurídica de la conservación de los vínculos entre hermanos: ¿de dónde proviene?— III. Sentencias que han decidido este tema.— IV. Conclusión.  t¿Te interesa el texto completo? Solicitalo al correo: koha@justierradelfuego.gov.ar 092741aDERECHOS DE LAS NIÑAS, NIÑOS Y ADOLESCENTES 092345aDERECHO A LA IDENTIDAD 09974aADOPCIÓN 094097aINTERES SUPERIOR DEL NIÑO 95825aPancino, Bettinaecoautora0 0271393170dCiudad Autónoma de Buenos Aires : Thomson Reuters La Ley, 2015-tRevista Código Civil y Comercial. Nº 6 - Diciembre 2024 2udccANA